Tous les clubs victimes de Thierry Henry - Statistiques

Statistiques générales
  • Ce quiz a été pris 153 fois
  • Le résultat moyen est 38 sur 104
Statistiques - réponses
Pays Club % Correct
Angleterre Manchester City 5
94%
Angleterre Manchester United 9
94%
Angleterre Chelsea 10
91%
Espagne Real Madrid 4
90%
Angleterre Liverpool 9
87%
Angleterre Tottenham 5
80%
France Olympique Lyonnais 5
77%
France Olympique de Marseille 1
75%
Angleterre Aston Villa 12
72%
Angleterre Newcastle 6
72%
Italie Inter Milan 2
69%
Angleterre West Ham 5
69%
Italie Juventus Turin 3
68%
Angleterre Everton 4
67%
France Stade Rennais 2
65%
Allemagne Bayern Munich 3
64%
France Girondins de Bordeaux 2
64%
France LOSC Lille 2
64%
Espagne Séville FC 2
64%
Espagne Valence 9
61%
Espagne Atletico Madrid 3
60%
Angleterre Leeds United 12
59%
Allemagne Borussia Dortmund 1
58%
Italie AS Rome 3
57%
France FC Nantes 3
57%
Portugal FC Porto 1
57%
France RC Lens 3
57%
Espagne Betis Séville 1
56%
Écosse Celtic Glasgow 1
54%
Angleterre Fulham 8
54%
France RC Strasbourg 3
54%
Angleterre Southampton 5
52%
Portugal Sporting Portugal 3
52%
Angleterre Crystal Palace 3
50%
Angleterre Leicester 6
50%
Espagne Villarreal 2
50%
Canada CF Montréal 9
48%
Écosse Rangers Glasgow 1
48%
Italie Lazio Rome 2
46%
Canada Toronto 4
45%
Ukraine Dynamo Kiev 1
43%
Angleterre Norwich 4
42%
Pays-Bas PSV Eindhoven 3
42%
Angleterre Sunderland 7
42%
Angleterre Birmingham City 6
41%
Etats-Unis Los Angeles Galaxy 2
41%
France Montpellier 1
40%
Angleterre Wolverhampton 3
40%
Allemagne Bayer Leverkusen 4
39%
Angleterre Blackburn Rovers 6
39%
Allemagne FC Schälke 2
39%
Tchéquie Sparta Prague 3
39%
Espagne Espanyol Barcelone 1
35%
Espagne Deportivo La Corogne 5
33%
Espagne Celta Vigo 2
32%
Espagne Malaga 1
32%
Angleterre Bolton 2
31%
Grèce Panathinaïkos 4
31%
Etats-Unis Chicago Fire 3
28%
Angleterre Watford 4
28%
Angleterre Portsmouth 9
27%
Espagne RCD Majorque 5
27%
Espagne Real Valladolid 1
27%
France SM Caen 2
27%
Angleterre West Bromwich 1
27%
Angleterre Wigan Athletic 6
26%
Angleterre Derby County 4
21%
Etats-Unis FC Dallas 2
20%
Angleterre Middlesbrough 13
20%
Russie Spartak Moscou 1
20%
Allemagne Werder Brême 2
20%
Angleterre Reading 2
19%
Etats-Unis DC United 4
17%
Angleterre Ipswich Town 2
17%
Espagne Levante 3
17%
Espagne Real Saragosse 1
17%
France AS Cannes 2
14%
Etats-Unis Houston Dynamo 3
14%
Norvège Rosenborg FK 1
14%
Angleterre Charlton Athletic 12
13%
Etats-Unis Portland Timbers 1
13%
Angleterre Sheffield United 1
12%
Angleterre Sheffield Wednesday 1
12%
Espagne Almeria 2
10%
Angleterre Coventry 1
10%
Espagne Racing Santander 2
9%
Pologne Wisla Cracovie
9%
Etats-Unis Philadelphie Union 4
8%
Suède AIK 1
6%
Angleterre Bradford 1
6%
États-Unis Colorado Rapids 6
6%
Etats-Unis New England Revolution 3
6%
Etats-Unis Real Salt Lake City 1
6%
Etats-Unis San Jose Earthquakes 2
6%
Italie Venise 1
6%
Espagne Real Murcia 1
4%
Etats-Unis Sporting Kansas City 1
4%
États-Unis Colombus Crew 6
3%
Belgique Lierse SK 1
2%
Espagne Numancia 1
2%
Espagne Xerez 2
2%
Espagne Alcoyano 1
1%
Etats-Unis CD Chivas 1
1%
Angleterre MK Dons 2
1%
Aucun quiz correspondant
Distribution des résultats
% des personnes avec chaque résultat
Percentile par nombre de réponses
Votre historique - résultats
Vous n’avez pas pris ce quiz